000 00376nam a2200169Ia 4500
003 Ost
005 20260225132601.0
008 260225s9999||||xx |||||||||||||| ||und||
020 _a2707147109
040 _cfsic
041 _afre
082 _a70.4
100 _ajean gabszwic
_eAuteur
245 0 _al'industrie des medias /
245 0 _cjean gabszwic
942 _cكتاب
999 _c34746
_d34746